[Event "Main Vogelsberg Seniors-ch 1st"]
[Site "Grossauheim"]
[Date "2006.03.23"]
[Round "4"]
[White "Pliss, Viktor"]
[Black "Riegel, Rudolf"]
[Result "0-1"]
[WhiteElo "1724"]
[BlackElo "1689"]
[PlyCount "98"]
[EventDate "2006.03.02"]
[EventType "swiss"]
[EventRounds "7"]
[EventCountry "GER"]
[SourceTitle "EXT 2007"]
[Source "ChessBase"]
[SourceDate "2006.11.23"]
[SourceVersion "1"]
[SourceVersionDate "2006.11.23"]
[SourceQuality "1"]

1. e4 c6 2. d4 d5 3. e5 Bf5 4. Nc3 e6 5. g4 Bg6 6. Nge2 c5 7. Nf4 cxd4 8. Bb5+ Nc6 9. Nxg6 hxg6 10. Qxd4 Qd7 11. Qa4 Nge7 12. Bg5 Rc8 13. 0-0-0 a6 14. Bxc6 Nxc6 15. f4 Be7 16. Bxe7 Qxe7 17. Kb1 0-0 18. g5 Nb4 19. a3 Nc6 20. h4 b5 21. Qxa6 b4 22. Nb5 bxa3 23. Nxa3 Qc5 24. Qb5 Qe3 25. Qf1 Ra8 26. Rh3 Qc5 27. Qb5 Qxb5 28. Nxb5 Ra4 29. Rf3 Rfa8 30. c3 Na5 31. Na3 Rb8 32. Kc2 Re4 33. b4 Nc6 34. b5 Na5 35. Rb1 Ra4 36. Kb2 Nc4+ 37. Nxc4 Rxb5+ 38. Kc2 Rxb1 39. Kxb1 Rxc4 40. Kb2 Kf8 41. Kb3 Ke7 42. Ka3 Kd7 43. Kb3 Kc6 44. Ka3 Kb5 45. Kb3 Ra4 46. Rf1 Rc4 47. Rf3 Kc5 48. Rd3 Rxf4 49. Rd1 Rf5 0-1

[Event "Main Kinzig-ch"]
[Site "Rodenbach"]
[Date "2001.10.19"]
[Round "3"]
[White "Gauf, Wolfgang"]
[Black "Riegel, Rudolf"]
[Result "1-0"]
[WhiteElo "1837"]
[BlackElo "1672"]
[PlyCount "63"]
[EventDate "2001.09.21"]
[EventType "swiss"]
[EventRounds "7"]
[EventCountry "GER"]
[SourceTitle "EXT 2003"]
[Source "ChessBase"]
[SourceDate "2002.11.25"]
[SourceVersion "1"]
[SourceVersionDate "2002.11.25"]
[SourceQuality "1"]

1. e4 c5 2. Nf3 Nc6 3. d4 cxd4 4. Nxd4 Nf6 5. Nc3 e6 6. Bc4 Bb4 7. Nxc6 bxc6 8. e5 Nd5 9. Qg4 Nxc3 10. Qxg7 Rf8 11. a3 Qa5 12. 0-0 Nd5 13. axb4 Qxb4 14. b3 Ne7 15. Ba3 Qc3 16. Qf6 Ng8 17. Qg7 Ne7 18. Bd6 Qxc2 19. Qg5 Ng6 20. Bxf8 Nxf8 21. Ra5 Qe4 22. Rfa1 a6 23. h3 Ng6 24. Qe3 Qf5 25. Bd3 Qh5 26. Qc5 Ne7 27. Be4 Qe2 28. Qc4 Qb2 29. R1a2 d5 30. exd6 Qf6 31. dxe7 Kxe7 32. Qc5+ 1-0